000 00633nam a2200277Ia 4500
005 20260324130004.0
008 008 260324s9999 xx 000 0 eng d
020 _a9780429114915
037 _aEBOOK
040 _aCRL
040 _beng
040 _cCRL
041 _2eng
041 _aeng
084 _qCRL
100 _aRobert E Gough
_91180101
245 3 _aAn Encyclopedia of Small Fruit
260 _bTaylor and Francis
260 _c2008
365 _a
365 _b265
856 _uhttp://www.taylorfrancis.com/books/9780429114915
942 _cEBOOK
999 _c1775831
_d1775831